The seven laws of success (Record no. 7581)

MARC details
000 -LEADER
fixed length control field 00623nam a22001937a 4500
003 - CONTROL NUMBER IDENTIFIER
control field GBCCL
005 - DATE AND TIME OF LATEST TRANSACTION
control field 20241126110631.0
008 - FIXED-LENGTH DATA ELEMENTS--GENERAL INFORMATION
fixed length control field 180828b ||||| |||| 00| 0 eng d
040 ## - CATALOGING SOURCE
Transcribing agency GBC
082 ## - DEWEY DECIMAL CLASSIFICATION NUMBER
Item number ARM
Classification number 248
100 ## - MAIN ENTRY--PERSONAL NAME
Personal name Armstrong, Herbert W
9 (RLIN) 3968
245 ## - TITLE STATEMENT
Title The seven laws of success
260 ## - PUBLICATION, DISTRIBUTION, ETC.
Date of publication, distribution, etc. Pasadena, Calif. :
Place of publication, distribution, etc. Ambassador College Press,
Name of publisher, distributor, etc. ©1974
300 ## - PHYSICAL DESCRIPTION
Extent 60 pages : illustrations (some color) ;
Dimensions 21 cm
650 ## - SUBJECT ADDED ENTRY--TOPICAL TERM
Topical term or geographic name entry element Success -- Religious aspects -- Christianity.
9 (RLIN) 13390
650 ## - SUBJECT ADDED ENTRY--TOPICAL TERM
Topical term or geographic name entry element Worldwide Church of God -- Doctrines.
9 (RLIN) 13391
650 ## - SUBJECT ADDED ENTRY--TOPICAL TERM
Topical term or geographic name entry element California -- Imprints.
9 (RLIN) 13392
942 ## - ADDED ENTRY ELEMENTS (KOHA)
Source of classification or shelving scheme Dewey Decimal Classification
Koha item type Books
Holdings
Withdrawn status Lost status Source of classification or shelving scheme Damaged status Not for loan Home library Current Library Shelving location Date acquired Total checkouts Full call number Barcode Date last seen Copy number Price effective from Koha item type
    Dewey Decimal Classification     GRACE BIBLE COLLEGE GRACE BIBLE COLLEGE Ministry & Mission 2018-08-28   248 ARM 002919 2025-05-01 c.1 2018-08-28 Books
© Grace Bible College Library 2025